Central Library OPAC University of Rajshahi

Winston S. Churchill / (Record no. 25318)

MARC details
000 -LEADER
fixed length control field 01070nam a22003011 4500
001 - CONTROL NUMBER
control field 25318
003 - CONTROL NUMBER IDENTIFIER
rucl marc code BD-RjUL
005 - DATE AND TIME OF LATEST TRANSACTION
control field 20211209050849.0
008 - FIXED-LENGTH DATA ELEMENTS--GENERAL INFORMATION
fixed length control field 140318s1967 mauabcj 001 0beng
035 ## - SYSTEM CONTROL NUMBER
System control number (BD-RjUL)25387
040 ## - CATALOGING SOURCE
Original cataloging agency DLC
Transcribing agency DLC
Modifying agency DLC
-- BD-RjUL
Language of cataloging eng
041 ## - LANGUAGE CODE
Language code of text/sound track or separate title eng
082 00 - DEWEY DECIMAL CLASSIFICATION NUMBER
Classification number 941.080924
Edition number 19
Author mark and year CHW V-2 1967
100 1# - MAIN ENTRY--PERSONAL NAME
Personal name Churchill, Randolph S.
Fuller form of name (Randolph Spencer),
Dates associated with a name 1911-1968.
9 (RLIN) 77846
245 00 - TITLE STATEMENT
Title Winston S. Churchill /
Statement of responsibility, etc. Randolph S. Churchill.
Number of part/section of a work VOLUME II
Name of part/section of a work Young statesman, 1901-1914.
260 ## - PUBLICATION, DISTRIBUTION, ETC. (IMPRINT)
Place of publication, distribution, etc. Boston :
Name of publisher, distributor, etc. Houghton Mifflin,
Date of publication, distribution, etc. c1967.
300 ## - PHYSICAL DESCRIPTION
Pagination xxix, 775 p. :
Illustrations ill., geneal. tables, maps, ports. ;
Size 24 cm.
350 ## - PRICE (NR) (BK AM CF MU VM SE) [OBSOLETE]
Price $15.00 (v. 3)
504 ## - BIBLIOGRAPHY, ETC. NOTE
Bibliography, etc Includes index.
600 10 - SUBJECT ADDED ENTRY--PERSONAL NAME
Personal name Churchill, Winston,
Dates associated with a name 1874-1965.
610 20 - SUBJECT ADDED ENTRY--CORPORATE NAME
Corporate name or jurisdiction name as entry element Conservative Party (Great Britain)
650 #0 - SUBJECT ADDED ENTRY--TOPICAL TERM
Topical term or geographic name as entry element Prime ministers
Geographic subdivision Great Britain
General subdivision Biography.
9 (RLIN) 75074
651 #0 - SUBJECT ADDED ENTRY--GEOGRAPHIC NAME
Geographic name Great Britain
General subdivision Politics and government
Chronological subdivision 20th century.
9 (RLIN) 5828
700 1# - ADDED ENTRY--PERSONAL NAME
Personal name Gilbert, Martin,
Dates associated with a name 1936-
942 ## - ADDED ENTRY ELEMENTS (KOHA)
Source of classification or shelving scheme Dewey Decimal Classification
Koha item type Books
Holdings
Lost status Source of classification or shelving scheme Damaged status Not for loan Collection code Permanent Location Current Location Shelving location Date acquired Source of acquisition Cost, normal purchase price Total Checkouts Full call number Date last seen Copy number Koha item type
  Dewey Decimal Classification   Added to bundle Non-fiction Central Library, University of Rajshahi Central Library, University of Rajshahi Reading Room 27/08/1969 Zitlinger 63.00   941.080924 CHW V-2 1967 18/03/2014 C-1 Books